000 00223 a2200097 4500
001 30563
100 _aDow
245 _aLearning to Teach Teaching to learn
260 _a
_bRoutledge & Kegan Paul
_c
090 _c20493
_d20493
942 _aNUST-CAE
_cM
_c11662
999 _c265636
_d265636